El poder del arte

Saved in:
Bibliografiske detaljer
Hovedforfatter: Schama, Simón (Author)
Format: Bog
Sprog:spansk
Udgivet: Barcelona Crítica 2006
Fag:
Tags: Tilføj Tag
Ingen Tags, Vær først til at tagge denne postø!

MARC

LEADER 00000cam a2200000 a 4500
001 UCI5930
003 CL-VaPUC
008 080411e20060000SP |||||||||||||||||spa|d
020 |a 9788484328728 
082 0 4 |a 709  |b SCH  |2 21 
100 0 |a Schama, Simón  |e author  |9 528588 
245 1 3 |a El poder del arte 
300 |a 499 p 
942 |c BK 
945 |d 20080411 00:00:00  |a jtorresc 
260 |a Barcelona  |b Crítica   |c 2006 
650 0 |a Historia del arte  |9 314877 
650 0 |a Pintura  |9 265046 
650 0 |a Biografías  |9 255210 
583 |a last modification  |c 20171215 12:52:02  |k Rodrigo Vera 
999 |c 329570  |d 329568 
952 |0 0  |1 0  |4 0  |6 709_000000000000000_SCH_2006  |7 0  |8 R  |9 414472  |a BIBART  |b BIBART  |d 2019-11-22  |i 4426142  |o 709 SCH 2006  |p 4426142  |r 2025-03-13  |w 2019-11-22  |y BK_R  |k ART 
952 |0 0  |1 0  |3 erd  |4 0  |6 709_000000000000000_SCH_2006  |7 0  |8 A  |9 414473  |a BIBHIS  |b BIBHIS  |i 5443741  |o 709 SCH 2006  |p 5443741  |r 2025-01-20  |w 2019-11-22  |y BK  |z Catalogado en:20171230  |k HIS